Fuentes de recursos de nuestro planeta /

Detalles Bibliográficos
Otros Autores: Park, Charles
Formato: Libro
Publicado: Buenos Aires : Marymar, 1975.
Materias:
Etiquetas: Agregar Etiqueta
Sin Etiquetas, Sea el primero en etiquetar este registro!

MARC

LEADER 00000nam a22000004a 4500
001 AR-BbUGT3804
003 AR-BbUGT
005 20181220001812.0
007 ta
008 061101t1975 ||| |0|||0| d
040 |a AR-BbUGT  |b spa  |c AR-BbUGT 
082 0 4 |a 333.8 
245 0 0 |a Fuentes de recursos de nuestro planeta /   |c compilado por Charles F. Park. 
260 |a Buenos Aires :   |b Marymar,   |c 1975. 
300 |a 374 p. ;   |c 22 cm 
653 |a Recursos del subsuelo 
653 |a Recursos minerales 
653 |a Cateos geoquímicos 
653 |a Gas 
653 |a Petróleo 
653 |a Arenas de playa 
653 |a Piedras preciosas 
653 |a Metales 
653 |a Sustancias salinas 
700 1 |a Park, Charles. 
942 |c BK  |h 333.8  |i P22  |2 ddc  |6 333_800000000000000_P22 
999 |c 11133  |d 11133